Grammaire franًcaise expliquâee (رقم التسجيلة. 121297)

تفاصيل مارك
000 -LEADER
fixed length control field 00866cam a22002411 4500
008 - FIXED-LENGTH DATA ELEMENTS--GENERAL INFORMATION
fixed length control field 101128s1969 fr a 000 0 fre
040 ## - CATALOGING SOURCE
Original cataloging agency DLC
Transcribing agency NRU
Modifying agency DLC
-- EG-GiCUC
050 00 - LIBRARY OF CONGRESS CALL NUMBER
Classification number PC2420
Item number .G28 1969
092 04 - LOCALLY ASSIGNED DEWEY CALL NUMBER (OCLC)
Classification number 448.2
Item number G156 1969
Edition number 21
099 ## - LOCAL FREE-TEXT CALL NUMBER (OCLC)
Classification number 04
-- 448.2 G156 1969
100 1# - MAIN ENTRY--PERSONAL NAME
Personal name Galichet, Georges.
245 10 - TITLE STATEMENT
Title Grammaire franًcaise expliquâee
Statement of responsibility, etc. [par] Georges Galichet ... Renâe Galichet.
250 ## - EDITION STATEMENT
Edition statement 10th âedition revue et mise a jour ...
Remainder of edition statement Enseignement moyen (11 a 14 ans), cycle d'observation (6e et 5e).
260 ## - PUBLICATION, DISTRIBUTION, ETC.
Place of publication, distribution, etc. Paris,
Name of publisher, distributor, etc. Charles-Lavauzelle et Cie,
Date of publication, distribution, etc. 1969.
300 ## - PHYSICAL DESCRIPTION
Extent 379 p.
Other physical details illus.
Dimensions 24 cm.
650 #0 - SUBJECT ADDED ENTRY--TOPICAL TERM
Topical term or geographic name entry element French language
General subdivision Style.
700 1# - ADDED ENTRY--PERSONAL NAME
Personal name Galichet, Renâe,
Relator term
902 ## - LOCAL DATA ELEMENT B, LDB (RLIN)
No. of Items 1
905 ## - LOCAL DATA ELEMENT E, LDE (RLIN)
Cataloger Eman
Reviser Rev.
905 ## - LOCAL DATA ELEMENT E, LDE (RLIN)
Cataloger Jamal
Reviser Cat.
942 ## - ADDED ENTRY ELEMENTS (KOHA)
Source of classification or shelving scheme Dewey Decimal Classification
Koha item type Books
المقتنيات
Source of classification or shelving scheme Not for loan Home library Current library Date acquired Full call number Barcode Date last seen Copy number Koha item type
Dewey Decimal Classification   المكتبة المركزبة الجديدة - جامعة القاهرة قاعة المكتبات المهداة - الدور الرابع 11.02.2024 448.2 G156 1969 H.G. 01000110194290000 23.06.2024 C.1 Books
Cairo University Libraries Portal Implemented & Customized by: Eng. M. Mohamady Contacts: new-lib@cl.cu.edu.eg | cnul@cl.cu.edu.eg
CUCL logo CNUL logo
© All rights reserved — Cairo University Libraries
CUCL logo
Implemented & Customized by: Eng. M. Mohamady Contact: new-lib@cl.cu.edu.eg © All rights reserved — New Central Library
CNUL logo
Implemented & Customized by: Eng. M. Mohamady Contact: cnul@cl.cu.edu.eg © All rights reserved — Cairo National University Library